| 000 | 00691nac a22002051u 4500 | ||
|---|---|---|---|
| 008 | 100908t2004 xxu|||||r|||| 001 0 eng d | ||
| 010 | _a98015677 | ||
| 020 | _a8120321073 | ||
| 020 | _a9788120321076 | ||
| 082 | 0 | 0 |
_a620.112 _bPOP _222 |
| 100 |
_aPopov, E. P. _918749 |
||
| 245 | 1 | 0 |
_aEngineering Mechanics of Solids / _cEgor P. Popov in collaboration with Toader A. Balan. |
| 250 | _a2nd ed. | ||
| 260 |
_aNew Delhi : _bPrentice-Hall of India, _c2004. |
||
| 300 |
_axvi, 864 p. : _bill. ; _c25 cm. |
||
| 504 | _aIncludes bibliographical references and index. | ||
| 650 | 0 |
_aStrength of materials. _918750 |
|
| 700 | 1 |
_aBalan, Toader A. _918751 |
|
| 942 |
_cBB _k620.112POP _2ddc |
||
| 999 |
_c815 _d815 |
||